Príprava a realizácia empirického výskumu v oblasti spoločenských vied

Charakteristika empirického výskumu v oblasti spoločenských vied. Kvalitatívny a kvantitatívny empirický výskum. Príprava výskumu a jeho vzťah k objektívnej realite. Hypotézy vo výskume. Realizácia empirického výskumu.

Enregistré dans:
Détails bibliographiques
Auteur principal: Ondrejková, Anna
Format: Chapitre de livre
Langue:slovaque
Sujets:
Tags: Ajouter un tag
Pas de tags, Soyez le premier à ajouter un tag!

MARC

LEADER 00000nla a2200000 4500
001 0204244
005 20240502073417.3
041 0 |a slo 
044 |a SK 
245 1 0 |a Príprava a realizácia empirického výskumu v oblasti spoločenských vied  |c Anna Ondrejková 
520 |a Charakteristika empirického výskumu v oblasti spoločenských vied. Kvalitatívny a kvantitatívny empirický výskum. Príprava výskumu a jeho vzťah k objektívnej realite. Hypotézy vo výskume. Realizácia empirického výskumu. 
610 2 0 |a vedy spoločenské 
610 2 0 |a výskum 
100 1 |a Ondrejková, Anna